书目信息 |
| 题名: |
保护区公众使用管理指南
|
|
| 作者: | 伊格尔斯 , 霍恩巴克 著 ;李文军 , 韩凌 , 刘猛 译 | |
| 分册: | ||
| 出版信息: | 北京 科学出版社 2000.05 |
|
| 页数: | 130页 | |
| 开本: | 21cm | |
| 丛书名: | ||
| 单 册: | ||
| 中图分类: | X36 | |
| 科图分类: | ||
| 主题词: | 自然保护区--zi ran bao hu qu--管理 | |
| 电子资源: | ||
| ISBN: | 7-03-008389-X | |
| 000 | 01429nam0 2200301 450 | |
| 001 | 012007556907 | |
| 005 | 20071010110220.32 | |
| 010 | @a7-03-008389-X@dCNY12.00 | |
| 100 | @a20070806d2000 km y0chiy0120 ea | |
| 101 | 1 | @achi@ceng |
| 102 | @aCN@b110000 | |
| 105 | @aa a 000yy | |
| 200 | 1 | @a保护区公众使用管理指南@Abao hu qu gong zhong shi yong guan li zhi nan@d= Guidelines for public use measurement and reporting at parks and protected areas@f(美) Kenneth E.Hornback, (加) Paul F.J.Eagles著@F(mei)Kenneth E.Hornback,(jia)Paul F.J.Eagles zhu@g李文军, 韩凌, 刘猛译@Gli wen jun,han ling,liu meng yi@zeng |
| 210 | @a北京@c科学出版社@d2000.05 | |
| 215 | @a130页@c图@d21cm | |
| 314 | @a责任者规范汉译为: 霍恩巴克, 伊格尔斯。 | |
| 320 | @a有书目。 | |
| 330 | @a本书论述有关公园和保护区公众使用信息的名词、研究方法和技术,主要介绍了游客对公园和保护区使用程度的测度方法及其在管理上的重要性,以及游客的利用程度是保护区管理者对旅游实施各项管理的最基本依据等内容。 | |
| 500 | 10 | @aGuidelines for public use measurement and reporting at parks and protected areas@mChinese |
| 606 | 0 | @a自然保护区@Azi ran bao hu qu@x管理 |
| 690 | @aX36@v4 | |
| 701 | 1 | @a伊格尔斯@Ayi ge er si@g(Eagles, Paul F.J.)@4著 |
| 701 | 1 | @a霍恩巴克@Ahuo en ba ke@g(Hornback, Kenneth E.)@4著 |
| 702 | 0 | @a李文军@Ali wen jun@4译 |
| 702 | 0 | @a韩凌@Ahan ling@4译 |
| 702 | 0 | @a刘猛@Aliu meng@4译 |
| 801 | 0 | @aCN@c20071010 |
| 905 | @dX36@eH964 | |
| 保护区公众使用管理指南= Guidelines for public use measurement and reporting at parks and protected areas/(美) Kenneth E.Hornback, (加) Paul F.J.Eagles著/李文军, 韩凌, 刘猛译.-北京:科学出版社,2000.05 |
| 130页:图;21cm |
| ISBN 7-03-008389-X:CNY12.00 |
| 本书论述有关公园和保护区公众使用信息的名词、研究方法和技术,主要介绍了游客对公园和保护区使用程度的测度方法及其在管理上的重要性,以及游客的利用程度是保护区管理者对旅游实施各项管理的最基本依据等内容。 |
| ● |
| 相关链接 |
|
|
|
正题名:保护区公众使用管理指南
索取号:X36/H964
 
预约/预借
| 序号 | 登录号 | 条形码 | 馆藏地/架位号 | 状态 | 备注 |
| 1 | 253885 | 202538851 | 自科库501/501自科库 66排7列5层/ [索取号:X36/H964] | 在馆 | |
| 2 | 253886 | 202538860 | 自科库501/501自科库 66排7列5层/ [索取号:X36/H964] | 在馆 | |
| 3 | 253887 | 202538879 | 自科库501/501自科库 66排7列5层/ [索取号:X36/H964] | 在馆 |